00000000cam 2200000zi 4500
0019.852870
003CaOODSP
00520260506140245
006m     o  d f      
007cr |||||||||||
008180305s1974    onc     ob   f000 0 eng d
040 |aCaOODSP|beng|erda|cCaOODSP
043 |an-cn--
0861 |aR32-453/1974E-PDF
24500|aMiddle River option.
264 1|aOttawa : |bIndian and Northern Affairs Canada, |c1974.
300 |a1 online resource (1 volume various pagings)
500 |aDigitized edition from print [produced by Indigenous and Northern Affairs Canada].
500 |a"Claims and Historical Research Centre : X.46" -- on cover.
504 |aIncludes bibliographical references.
650 5|aIndian reservations|zNova Scotia.
650 0|aMi'Kmaq|xGovernment relations.
650 6|aMicmac|xRelations avec l'État.
7101 |aCanada. |bIndian and Northern Affairs Canada, |eissuing body.
85640|qPDF|s1296 KB|uhttps://publications.gc.ca/collections/collection_2026/rcaanc-cirnac/R32-453-1974-eng.pdf